[Event "Zenica 16th"]
[Site "Zenica"]
[Date "2012.11.13"]
[Round "2"]
[White "Martinovic, Slobodan"]
[Black "Drazic, Sinisa"]
[Result "1/2-1/2"]
[WhiteElo "2430"]
[BlackElo "2488"]
[PlyCount "135"]
[EventDate "2012.11.12"]
[EventType "tourn"]
[EventRounds "9"]
[EventCountry "BIH"]
[EventCategory "5"]
[SourceTitle "CBM 151 Extra"]
[Source "ChessBase"]
[SourceDate "2012.12.18"]
[SourceVersion "1"]
[SourceVersionDate "2012.12.18"]
[SourceQuality "1"]

1. Nf3 g6 2. e4 Bg7 3. d4 d6 4. c3 Nf6 5. Bd3 0-0 6. 0-0 Nc6 7. Nbd2 a6 8. Re1 e5 9. dxe5 Nxe5 10. Nxe5 dxe5 11. Nf3 Nh5 12. Bg5 Bf6 13. Bh6 Re8 14. h3 Ng7 15. Bc4 Be6 16. Bxg7 Kxg7 17. Qb3 b5 18. Bxe6 Rxe6 19. Red1 Qe8 20. a4 Rd8 21. Rxd8 Bxd8 22. axb5 axb5 23. Ra8 Qe7 24. Ra1 c6 25. Rd1 Rd6 26. Rxd6 Qxd6 27. g3 Bb6 28. Kg2 Qc5 29. Qc2 b4 30. h4 Ba5 31. c4 Bb6 32. b3 h5 33. Qd2 Kf6 34. Ng5 Ke7 35. Nf3 f6 36. Ne1 Ke6 37. Nc2 Ba5 38. Qh6 Bb6 39. Ne3 Qa5 40. Qxg6 Bxe3 41. fxe3 Qa2+ 42. Kh3 Qe2 43. Qf5+ Ke7 44. c5 Qd1 45. Qh7+ Kd8 46. Qg8+ Kc7 47. Qf7+ Kb8 48. Qg8+ Kb7 49. Qf7+ Ka6 50. Qc4+ Ka5 51. Kg2 Qd2+ 52. Kf3 Qd1+ 53. Kf2 Qb1 54. Qf7 Qc2+ 55. Kf3 Qd1+ 56. Kf2 Kb5 57. Qc4+ Ka5 58. Qf7 Qc2+ 59. Kf3 Qxc5 60. Qxh5 Qc1 61. Qf7 Qh1+ 62. Kf2 Qxe4 63. h5 Qf5+ 64. Kg2 Qe4+ 65. Kf2 Qf5+ 66. Kg2 Qc2+ 67. Kh3 Qf5+ 68. Kg2 1/2-1/2

[Event "SRB-chT"]
[Site "Vrnjacka Banja"]
[Date "2012.09.30"]
[Round "3.6"]
[White "Martinovic, Slobodan"]
[Black "Tosic, Miroslav"]
[Result "1/2-1/2"]
[WhiteElo "2447"]
[BlackElo "2421"]
[PlyCount "29"]
[EventDate "2012.09.29"]
[EventType "team-tourn"]
[EventRounds "11"]
[EventCountry "SRB"]
[SourceTitle "CBM 150 Extra"]
[Source "ChessBase"]
[SourceDate "2012.10.19"]
[SourceVersion "1"]
[SourceVersionDate "2012.10.19"]
[SourceQuality "1"]
[WhiteTeam "Kraljevo Sloga"]
[BlackTeam "Pirot"]
[WhiteTeamCountry "SRB"]
[BlackTeamCountry "SRB"]

1. Nf3 Nf6 2. c4 c6 3. d4 d6 4. Nc3 Nbd7 5. e4 e5 6. Bd3 Be7 7. 0-0 0-0 8. h3 exd4 9. Nxd4 Nc5 10. Bc2 a5 11. Bf4 Re8 12. Re1 Bf8 13. Qd2 Nfd7 14. b3 Ne5 15. Be3 1/2-1/2